Statistics for Every All-Star players selected in 2010s

Click here to take the quiz!

General Stats

  • This quiz has been taken 9 times
  • The average score is 41 of 78

Answer Stats

Number of SelectionsPlayer% Correct
10LeBron James
100%
6Stephen Curry
100%
1DeAndre Jordan
88%
3Draymond Green
88%
3Giannis Antetokounmpo
88%
10Kevin Durant
88%
3Kevin Garnett
88%
5Kevin Love
88%
6Kyrie Irving
88%
6Blake Griffin
75%
7Chris Bosh
75%
7Chris Paul
75%
3Deron Williams
75%
6Dirk Nowitzki
75%
8Dwyane Wade
75%
4Joe Johnson
75%
3Kawhi Leonard
75%
5Klay Thompson
75%
7Kobe Bryant
75%
3Paul Pierce
75%
8Russell Westbrook
75%
5Al Horford
63%
6Anthony Davis
63%
4Damian Lillard
63%
4DeMar DeRozan
63%
7James Harden
63%
1Jason Kidd
63%
3Joel Embiid
63%
1Khris Middleton
63%
5Kyle Lowry
63%
1Manu Ginobili
63%
4Rajon Rondo
63%
1Ray Allen
63%
2Steve Nash
63%
3Tony Parker
63%
1Allen Iverson
50%
1Andre Iguodala
50%
1Ben Simmons
50%
1Brook Lopez
50%
8Carmelo Anthony
50%
4Demarcus Cousins
50%
3Derrick Rose
50%
5Dwight Howard
50%
5John Wall
50%
2Karl-Anthony Towns
50%
1Kyle Korver
50%
3Marc Gasol
50%
1Nikola Jokic
50%
4Pau Gasol
50%
6Paul George
50%
4Paul Millsap
50%
2Amar’e Stoudemire
38%
2Andre Drummond
38%
2Bradley Beal
38%
1De’Angelo Russell
38%
1Jeff Teague
38%
4Jimmy Butler
38%
2Joakim Noah
38%
1Jrue Holiday
38%
3Kemba Walker
38%
1Kristaps Porzingis
38%
7LaMarcus Aldridge
38%
1Nikola Vucevic
38%
1Chauncey Billups
25%
1Gerald Wallace
25%
2Isaiah Thomas
25%
1Tyson Chandler
25%
2Victor Oladipo
25%
1Yao Ming
25%
2Zach Randolph
25%
1Andrew Bynum
13%
1Chris Kaman
13%
2David Lee
13%
1Goran Dragic
13%
1Gordon Hayward
13%
2Luol Deng
13%
2Roy Hibbert
13%
1Brandon Roy
0%

Score Distribution

Percentile by Number Answered

Percent of People with Each Score

Your Score History

You have not taken this quiz